Etnografía y Anales de la Conquista de las Islas Canarias / (Registro nro. 32694)
[ vista simple ]
| 000 -LEADER | |
|---|---|
| campo de control de longitud fija | 01119nam a2200301 i 4500 |
| 001 - NÚMERO DE CONTROL | |
| campo de control | 32694 |
| 003 - IDENTIFICADOR DE NÚMERO DE CONTROL | |
| campo de control | ES-MaACL |
| 005 - FECHA Y HORA DE LA ÚLTIMA TRANSACCIÓN | |
| campo de control | 20250807013017.0 |
| 007 - CAMPO FIJO DE DESCRIPCIÓN FÍSICA--INFORMACIÓN GENERAL | |
| campo de control de longitud fija | t| |
| 008 - DATOS DE LONGITUD FIJA--INFORMACIÓN GENERAL | |
| campo de control de longitud fija | 030131s1978 sp ||||1| spa d |
| 020 ## - NÚMERO INTERNACIONAL ESTÁNDAR DEL LIBRO | |
| Número Internacional Estándar del Libro | 84-00-03707-3 |
| 100 1# - ENTRADA PRINCIPAL--NOMBRE DE PERSONA | |
| Nombre de persona | Berthelot, Sabin. |
| 9 (RLIN) | 28445 |
| 245 10 - MENCIÓN DEL TÍTULO | |
| Título | Etnografía y Anales de la Conquista de las Islas Canarias / |
| Mención de responsabilidad, etc. | de Sabino Berthelot y P. Barker-Webb ; traducción Juan Arturo Malibrán ; revisión de textos latinos José Doreste Abreu. |
| 250 ## - MENCION DE EDICION | |
| Mención de edición | [2ª ed.]. |
| 260 ## - PUBLICACIÓN, DISTRIBUCIÓN, ETC. | |
| Lugar de publicación, distribución, etc. | Las Palmas : |
| Nombre del editor, distribuidor, etc. | El Museo Canario, |
| Fecha de publicación, distribución, etc. | 1978. |
| 300 ## - DESCRIPCIÓN FÍSICA | |
| Extensión | 2 v. : |
| Otras características físicas | il. ; |
| Dimensiones | 20 cm. |
| 490 1# - MENCIÓN DE SERIE | |
| Mención de serie | Arcón canario ; |
| Designación de volumen o secuencia | 5-6 |
| 505 8# - NOTA DE CONTENIDO CON FORMATO | |
| Nota de contenido con formato | Contiene: [T.] II: Usos y costumbres - T.III: Anales de la conquista de las islas Canarias |
| 650 #4 - PUNTO DE ACCESO ADICIONAL DE MATERIA--TÉRMINO DE MATERIA | |
| Término de materia o nombre geográfico como elemento de entrada | |
| 9 (RLIN) | 241632 |
| 651 #4 - PUNTO DE ACCESO ADICIONAL DE MATERIA--NOMBRE GEOGRÁFICO | |
| Nombre geográfico | Canarias- |
| Subdivisión general | Usos y costumbres. |
| 9 (RLIN) | 152161 |
| 700 1# - ENTRADA AGREGADA--NOMBRE PERSONAL | |
| Nombre de persona | Malibrán, Juan Arturo. |
| 9 (RLIN) | 75776 |
| 700 1# - ENTRADA AGREGADA--NOMBRE PERSONAL | |
| Nombre de persona | Doreste Abreu, José. |
| 9 (RLIN) | 45395 |
| 700 0# - ENTRADA AGREGADA--NOMBRE PERSONAL | |
| Nombre de persona | Webb, Philip Barker. |
| 9 (RLIN) | 116241 |
| 710 2# - ENTRADA AGREGADA--NOMBRE DE ENTIDAD CORPORATIVA | |
| Nombre de entidad corporativa o nombre de jurisdicción como elemento de entrada | El Museo Canario. |
| 9 (RLIN) | 3455 |
| 830 0# - PUNTO DE ACCESO ADICIONAL DE SERIE-TÍTULO UNIFORME | |
| Título uniforme | Arcón canario ; |
| Designación de volumen o secuencia | 5-6 |
| 9 (RLIN) | 229426 |
| 852 ## - LOCALIZACIÓN | |
| Ubicación | ES-MaACL |
| Número de control de estantería | A-9618-19 |
| Sublocalización o colección | R.99157 |
| Estatus retirado | Estado de pérdida | Estado de daño | No para préstamo | Biblioteca de origen | Biblioteca actual | Ubicación en estantería | Fecha de adquisición | Fuente de adquisición | Total de préstamos | Signatura topográfica completa | Código de barras | Visto por última vez | Precio de reemplazo | Tipo de ítem Koha |
|---|---|---|---|---|---|---|---|---|---|---|---|---|---|---|
| Biblioteca del Ateneo de Madrid | Biblioteca del Ateneo de Madrid | Depósito 1 | 17/01/2008 | A-9618-19 | 1033909 | 23/02/2023 | 23/02/2023 | Libro impreso |
